Vibrante Corazón arrebolado : novela /
Sparad:
| Huvudupphovsman: | |
|---|---|
| Materialtyp: | Okänd |
| Språk: | Spanish |
| Publicerad: |
San José, Costa Rica :
EUNED,
1998.
|
| Ämnen: | |
| Taggar: |
Lägg till en tagg
Inga taggar, Lägg till första taggen!
|
MARC
| LEADER | 000000000a22000000004500 | ||
|---|---|---|---|
| 001 | 003559 | ||
| 008 | 191009b xxu||||| |||| 00| 0 spa d | ||
| 020 | |a 9977649278 | ||
| 041 | 0 | |a spa | |
| 082 | 0 | 4 | |a CR863.4 |b C965v |
| 100 | 1 | |a Cuevas Molina, Rafael, |d 1954- |9 73 | |
| 245 | 1 | 0 | |a Vibrante Corazón arrebolado : |b novela / |c Rafael Cuevas Molina. |
| 260 | 1 | |a San José, Costa Rica : |b EUNED, |c 1998. | |
| 300 | |a 105 páginas | ||
| 650 | 4 | |a LITERATURA COSTARRICENSE |9 76 | |
| 650 | 4 | |a NOVELA | |
| 942 | |c BK |2 ddc | ||
| 999 | |c 10065 |d 10065 | ||



